00678nam a2200241 a 4500001001300000003000900013005001700022008004100039020001000080082001600090100002000106245002500126260004200151300000800193500003500201505001700236650001600253700002000269902000800289942000700297952011700304999001500421nice12345678IN_TiNIC20260116012909.0050524s0000 hyda grp 000 0 urd  ac10000a891.41bFIK aFikri, Badayuni aZard Paudon Ka Khwab aHyderabadbDaira Electric Pressc0000 a16p aincludes index and biblioraphy2 aPart 1 and 2 aUrdu-Poetry1 aFikri, Badayuni bSRS cBK 001040708StackRoom-aHMIbHMId2007-06-19g100.00l0o891.41 FIKp011864r2007-06-19v100.00w2005-05-24yBK c8800d8800